| 000 | 00791nam a2200265 i 4500 | ||
|---|---|---|---|
| 003 | DO-SdBNP | ||
| 005 | 20240422095044.0 | ||
| 007 | ta | ||
| 008 | 240422s1992 xxu 001 0dspa d | ||
| 020 | _a8471004437 | ||
| 040 |
_aDO-SdBNP _bspa _cBNPHU _erda |
||
| 082 | 4 |
_bB174i _222 |
|
| 100 |
_aBalcácer, Juan D. _eautor _962270 |
||
| 245 |
_aLa independencia dominicana / _cJuan D. Barcácer, Manuel A. García |
||
| 264 |
_aSanto Domingo : _bMapfre, _c1992 |
||
| 300 |
_a243 páginas : _bilustraciones ; _c22 cm. |
||
| 336 |
_2rdacontent _atexto _btxt |
||
| 337 |
_2rdamedia _asin mediación _bn |
||
| 338 |
_2rdacarrier _avolumen _bnc |
||
| 490 |
_aMapfre ; _v1492 |
||
| 590 | _aInventariado, 2024/ DG | ||
| 700 |
_aGarcía, Manuel A. _eautor _985299 |
||
| 910 | _aDG | ||
| 942 |
_2ddc _cLBS1 |
||
| 999 |
_c56474 _d56474 |
||